[Event "v4camp2016"]
[Site "?"]
[Date "2016.06.26"]
[Round "8.1"]
[White "Durica, Adam"]
[Black "Molenda, Marcin"]
[Result "0-1"]
[BlackElo "2235"]
[WhiteElo "1761"]
[LiveChessVersion "1.4.8"]

1. Nf3 {[%clk 1:30:57]} c5 {[%clk 1:30:56]} 2. g3 {[%clk 1:31:18]} g6
{[%clk 1:31:22]} 3. Bg2 {[%clk 1:31:43]} Bg7 {[%clk 1:31:49]} 4. O-O
{[%clk 1:31:58]} Nc6 {[%clk 1:32:17]} 5. d3 {[%clk 1:32:02]} d6 {[%clk 1:32:43]}
6. c4 {[%clk 1:31:46]} e5 {[%clk 1:33:05]} 7. Nc3 {[%clk 1:32:04]} Nge7
{[%clk 1:33:31]} 8. e4 {[%clk 1:31:52]} O-O {[%clk 1:33:55]} 9. a3
{[%clk 1:30:39]} f5 {[%clk 1:34:17]} 10. Bd2 {[%clk 1:30:01]} f4 {[%clk 1:34:15]}
11. Qc1 {[%clk 1:29:16]} Bh6 {[%clk 1:29:54]} 12. h4 {[%clk 1:28:07]} Bg4
{[%clk 1:28:26]} 13. Nh2 {[%clk 1:27:21]} Be6 {[%clk 1:28:53]} 14. Nf3
{[%clk 1:26:46]} Qd7 {[%clk 1:24:03]} 15. Nd5 {[%clk 1:24:18]} Bh3
{[%clk 1:23:21]} 16. Nxe7+ {[%clk 1:20:41]} Nxe7 {[%clk 1:23:46]} 17. Kh2
{[%clk 1:21:04]} Be6 {[%clk 1:23:28]} 18. b4 {[%clk 1:19:31]} Nc6
{[%clk 1:22:08]} 19. b5 {[%clk 1:18:15]} Ne7 {[%clk 1:22:17]} 20. a4
{[%clk 1:16:29]} Rf7 {[%clk 1:22:43]} 21. Ng5 {[%clk 1:15:26]} Bxg5
{[%clk 1:22:50]} 22. hxg5 {[%clk 1:15:48]} f3 {[%clk 1:22:34]} 23. Bh1
{[%clk 1:16:08]} Bh3 {[%clk 1:21:07]} 24. Re1 {[%clk 1:14:31]} Qg4
{[%clk 1:21:33]} 25. Kg1 {[%clk 1:14:43]} Qh5 {[%clk 1:22:00]} 26. Be3
{[%clk 1:14:26]} Kg7 {[%clk 1:22:10]} 27. a5 {[%clk 1:13:39]} Bg4
{[%clk 1:22:33]} 28. a6 {[%clk 1:13:18]} b6 {[%clk 1:23:00]} 29. Bd2
{[%clk 1:12:49]} Rh8 {[%clk 1:23:19]} 30. d4 {[%clk 1:11:50]} cxd4
{[%clk 1:23:12]} 31. Qa3 {[%clk 1:12:02]} Rd8 {[%clk 1:22:48]} 32. Qc1
{[%clk 1:10:32]} Ng8 {[%clk 1:23:04]} 33. Rd1 {[%clk 1:10:14]} h6
{[%clk 1:22:28]} 34. gxh6+ {[%clk 1:09:55]} Nxh6 {[%clk 1:22:30]} 35. Bxh6+
{[%clk 1:10:03]} Qxh6 {[%clk 1:22:57]} 36. Qxh6+ {[%clk 1:10:25]} Kxh6
{[%clk 1:23:23]} 37. Kf1 {[%clk 1:10:44]} Kg5 {[%clk 1:23:26]} 38. Ke1
{[%clk 1:11:05]} Rc8 {[%clk 1:22:14]} 39. Rac1 {[%clk 1:10:53]} Rh7
{[%clk 1:20:28]} 40. Kd2 {[%clk 1:10:58]} Rh2 {[%clk 1:20:53]} 41. Kd3
{[%clk 1:10:16]} Rxf2 {[%clk 1:21:08]} 42. Rf1 {[%clk 1:10:37]} Ra2
{[%clk 1:21:16]} 43. Rfd1 {[%clk 1:06:51]} Rh8 {[%clk 1:21:16]} 44. Rd2
{[%clk 1:05:50]} Ra3+ {[%clk 1:21:04]} 45. Kc2 {[%clk 1:06:04]} Rc3+
{[%clk 1:21:32]} 46. Kb2 {[%clk 1:06:18]} Rxc1 {[%clk 1:21:58]} 0-1

[Event "v4camp2016"]
[Site "?"]
[Date "2016.06.26"]
[Round "8.2"]
[White "Drozniak, Stanislaw"]
[Black "Holly, Andrej"]
[Result "1-0"]
[BlackElo "1752"]
[WhiteElo "2179"]
[LiveChessVersion "1.4.8"]

1. e4 {[%clk 1:30:56]} b6 {[%clk 1:30:54]} 2. d4 {[%clk 1:31:15]} Bb7
{[%clk 1:31:12]} 3. Bd3 {[%clk 1:31:33]} e6 {[%clk 1:31:07]} 4. Nf3
{[%clk 1:31:03]} c5 {[%clk 1:30:44]} 5. c3 {[%clk 1:30:03]} Nf6 {[%clk 1:29:58]}
6. Qe2 {[%clk 1:29:02]} Be7 {[%clk 1:28:39]} 7. O-O {[%clk 1:28:42]} Nc6
{[%clk 1:25:40]} 8. Nbd2 {[%clk 1:28:31]} O-O {[%clk 1:24:51]} 9. a3
{[%clk 1:24:54]} Na5 {[%clk 1:22:56]} 10. b4 {[%clk 1:24:28]} c4 {[%clk 1:16:31]}
11. Bc2 {[%clk 1:22:24]} Nb3 {[%clk 1:15:56]} 12. Rb1 {[%clk 1:22:42]} Nxd2
{[%clk 1:07:49]} 13. Nxd2 {[%clk 1:22:23]} b5 {[%clk 1:07:21]} 14. a4
{[%clk 1:19:36]} a6 {[%clk 1:06:55]} 15. a5 {[%clk 1:19:43]} Qc7 {[%clk 1:04:30]}
16. f4 {[%clk 1:19:05]} d6 {[%clk 0:51:23]} 17. Rf3 {[%clk 1:17:45]} e5
{[%clk 0:45:30]} 18. fxe5 {[%clk 1:17:49]} dxe5 {[%clk 0:45:41]} 19. d5
{[%clk 1:18:09]} Nh5 {[%clk 0:42:10]} 20. Nf1 {[%clk 0:58:18]} Bc8
{[%clk 0:35:54]} 21. Ne3 {[%clk 0:57:58]} Nf4 {[%clk 0:35:34]} 22. Qf1
{[%clk 0:58:00]} Qd6 {[%clk 0:31:27]} 23. g3 {[%clk 0:57:55]} Nh5
{[%clk 0:22:36]} 24. Nf5 {[%clk 0:54:18]} Bxf5 {[%clk 0:22:42]} 25. Rxf5
{[%clk 0:54:39]} Nf6 {[%clk 0:20:34]} 26. Be3 {[%clk 0:53:51]} Nd7
{[%clk 0:19:46]} 27. Rd1 {[%clk 0:53:47]} Bf6 {[%clk 0:16:08]} 28. Qf2
{[%clk 0:52:07]} Rac8 {[%clk 0:15:53]} 29. Rf1 {[%clk 0:51:50]} Qe7
{[%clk 0:15:16]} 30. h4 {[%clk 0:50:08]} Rc7 {[%clk 0:13:42]} 31. Kg2
{[%clk 0:50:27]} Rcc8 {[%clk 0:14:06]} 32. Kh3 {[%clk 0:50:41]} Qe8
{[%clk 0:11:33]} 33. g4 {[%clk 0:49:58]} Be7 {[%clk 0:10:50]} 34. g5
{[%clk 0:49:07]} f6 {[%clk 0:09:54]} 35. Rg1 {[%clk 0:48:16]} fxg5
{[%clk 0:09:55]} 36. Bxg5 {[%clk 0:48:27]} Bxg5 {[%clk 0:10:01]} 37. Rgxg5
{[%clk 0:48:40]} Rxf5 {[%clk 0:09:30]} 38. Rxf5 {[%clk 0:47:37]} Nf6
{[%clk 0:07:52]} 39. Qg3 {[%clk 0:47:35]} Nd7 {[%clk 0:05:48]} 40. Bd1
{[%clk 0:46:28]} Qe7 {[%clk 0:05:35]} 41. Qg5 {[%clk 0:46:10]} Qxg5
{[%clk 0:04:43]} 42. hxg5 {[%clk 0:46:33]} Rf8 {[%clk 0:04:48]} 43. Bg4
{[%clk 0:46:26]} Rxf5 {[%clk 0:04:39]} 44. Bxf5 {[%clk 0:46:02]} Nb8
{[%clk 0:04:59]} 45. g6 {[%clk 0:46:27]} h6 {[%clk 0:04:46]} 46. Bc8
{[%clk 0:44:56]} Kf8 {[%clk 0:03:45]} 47. d6 {[%clk 0:45:21]} Ke8
{[%clk 0:03:43]} 48. Kg4 {[%clk 0:45:32]} Kd8 {[%clk 0:03:50]} 49. Be6
{[%clk 0:45:41]} Nc6 {[%clk 0:03:29]} 50. Kf5 {[%clk 0:45:37]} Ke8
{[%clk 0:03:04]} 51. Bc8 {[%clk 0:45:31]} Nb8 {[%clk 0:02:15]} 52. Kxe5
{[%clk 0:45:36]} Kd8 {[%clk 0:02:42]} 53. Bf5 {[%clk 0:45:26]} Nd7+
{[%clk 0:02:50]} 54. Kd5 {[%clk 0:45:43]} Nf6+ {[%clk 0:02:52]} 55. Ke6
{[%clk 0:45:55]} Ke8 {[%clk 0:03:15]} 56. e5 {[%clk 0:46:09]} Nh5
{[%clk 0:02:17]} 57. d7+ {[%clk 0:46:12]} Kd8 {[%clk 0:02:43]} 58. Kd6
{[%clk 0:46:25]} Ng3 {[%clk 0:02:50]} 59. Bc2 {[%clk 0:46:49]} h5
{[%clk 0:03:06]} 60. e6 {[%clk 0:47:14]} 1-0

[Event "v4camp2016"]
[Site "?"]
[Date "2016.06.26"]
[Round "8.3"]
[White "Brnusak, Tomas"]
[Black "Galuszka, Tomasz"]
[Result "0-1"]
[BlackElo "1714"]
[WhiteElo "1600"]
[LiveChessVersion "1.4.8"]

1. d4 {[%clk 1:30:55]} d5 {[%clk 1:30:55]} 2. c4 {[%clk 1:30:55]} c6
{[%clk 1:31:23]} 3. Nc3 {[%clk 1:30:19]} Nf6 {[%clk 1:31:51]} 4. Nf3
{[%clk 1:30:31]} e6 {[%clk 1:32:12]} 5. Bg5 {[%clk 1:30:28]} h6 {[%clk 1:32:35]}
6. Bh4 {[%clk 1:30:32]} g5 {[%clk 1:32:57]} 7. Bg3 {[%clk 1:30:48]} dxc4
{[%clk 1:33:24]} 8. e4 {[%clk 1:30:51]} Bb4 {[%clk 1:33:10]} 9. Qc2
{[%clk 1:30:42]} Qa5 {[%clk 1:32:05]} 10. Be5 {[%clk 1:29:43]} Nbd7
{[%clk 1:30:17]} 11. Rc1 {[%clk 1:27:33]} b5 {[%clk 1:27:35]} 12. Be2
{[%clk 1:25:34]} Nxe5 {[%clk 1:23:07]} 13. Nxe5 {[%clk 1:25:35]} Bb7
{[%clk 1:22:52]} 14. O-O {[%clk 1:22:54]} Bd6 {[%clk 1:11:51]} 15. Nxf7
{[%clk 1:20:04]} Kxf7 {[%clk 1:08:17]} 16. e5 {[%clk 1:20:17]} Qc7
{[%clk 1:03:06]} 17. f4 {[%clk 1:18:23]} Ke7 {[%clk 0:45:54]} 18. Qg6
{[%clk 1:15:00]} Raf8 {[%clk 0:45:06]} 19. exf6+ {[%clk 1:15:07]} Kd8
{[%clk 0:45:07]} 20. Ne4 {[%clk 1:14:11]} Bxf4 {[%clk 0:44:18]} 21. Nc5
{[%clk 1:13:58]} Bc8 {[%clk 0:44:27]} 22. Bg4 {[%clk 1:11:27]} Bxc1
{[%clk 0:42:53]} 23. Rxc1 {[%clk 1:10:20]} Qf7 {[%clk 0:42:01]} 24. Qe4
{[%clk 1:08:49]} Qxf6 {[%clk 0:42:07]} 25. Bf3 {[%clk 1:07:32]} Qf4
{[%clk 0:37:40]} 26. Qxf4 {[%clk 1:02:44]} Rxf4 {[%clk 0:36:14]} 27. Bxc6
{[%clk 1:03:04]} a6 {[%clk 0:35:13]} 28. a4 {[%clk 1:03:26]} Rxd4
{[%clk 0:33:33]} 29. axb5 {[%clk 1:03:40]} axb5 {[%clk 0:33:56]} 30. Bxb5
{[%clk 1:03:59]} Rd2 {[%clk 0:30:46]} 31. Bxc4 {[%clk 1:04:11]} Rxb2
{[%clk 0:31:07]} 32. Nxe6+ {[%clk 1:04:05]} Bxe6 {[%clk 0:30:35]} 33. Bxe6
{[%clk 1:04:28]} Re8 {[%clk 0:29:58]} 34. Bc4 {[%clk 1:04:36]} Ke7
{[%clk 0:29:02]} 35. Re1+ {[%clk 1:04:39]} Kf8 {[%clk 0:29:28]} 36. Rf1+
{[%clk 1:04:30]} Kg7 {[%clk 0:29:34]} 37. Rf7+ {[%clk 1:04:41]} Kg6
{[%clk 0:29:55]} 38. Rf1 {[%clk 1:05:00]} Rd8 {[%clk 0:29:48]} 39. Rf2
{[%clk 1:04:05]} Rd1+ {[%clk 0:29:52]} 40. Bf1 {[%clk 1:04:22]} Rxf2
{[%clk 0:30:05]} 41. Kxf2 {[%clk 1:04:37]} Kf5 {[%clk 0:29:30]} 42. Be2
{[%clk 1:04:41]} Ra1 {[%clk 0:28:54]} 43. h3 {[%clk 1:04:55]} Kf4
{[%clk 0:28:49]} 44. g3+ {[%clk 1:04:49]} Kf5 {[%clk 0:28:56]} 45. Bd3+
{[%clk 1:05:07]} Ke5 {[%clk 0:29:17]} 46. Bg6 {[%clk 1:05:06]} Ra3
{[%clk 0:28:53]} 47. Kg2 {[%clk 1:05:00]} Kd4 {[%clk 0:28:59]} 48. Kf2
{[%clk 1:05:07]} Rc3 {[%clk 0:29:18]} 49. Bf7 {[%clk 1:04:56]} Rc6
{[%clk 0:29:31]} 50. Bh5 {[%clk 1:05:09]} Rf6+ {[%clk 0:29:44]} 51. Ke2
{[%clk 1:05:27]} Ke4 {[%clk 0:29:24]} 52. Bg4 {[%clk 1:05:31]} Rb6
{[%clk 0:29:17]} 53. Bf3+ {[%clk 1:05:46]} Kd4 {[%clk 0:29:43]} 54. Bh5
{[%clk 1:05:56]} Rb3 {[%clk 0:29:22]} 55. Kf2 {[%clk 1:06:12]} Kd3
{[%clk 0:29:36]} 56. Bg6+ {[%clk 1:06:27]} Kd2 {[%clk 0:29:56]} 57. Bh5
{[%clk 1:06:42]} Rb8 {[%clk 0:29:42]} 58. Kf3 {[%clk 1:06:23]} Rf8+
{[%clk 0:30:08]} 59. Ke4 {[%clk 1:06:36]} Ke1 {[%clk 0:30:17]} 60. h4
{[%clk 1:06:23]} Kf2 {[%clk 0:29:37]} 61. hxg5 {[%clk 1:06:31]} hxg5
{[%clk 0:29:58]} 62. g4 {[%clk 1:06:12]} Kg3 {[%clk 0:30:25]} 63. Ke3
{[%clk 1:06:14]} Rf4 {[%clk 0:29:52]} 64. Ke2 {[%clk 1:06:12]} Re4+
{[%clk 0:29:52]} 65. Kf1 {[%clk 1:06:12]} Re5 {[%clk 0:30:16]} 66. Bf7
{[%clk 1:05:45]} Kxg4 {[%clk 0:30:39]} 67. Bc4 {[%clk 1:06:05]} Kg3
{[%clk 0:30:53]} 68. Ba6 {[%clk 1:06:17]} g4 {[%clk 0:31:12]} 69. Bb7
{[%clk 1:06:15]} Kh2 {[%clk 0:31:30]} 70. Kf2 {[%clk 1:06:30]} g3+
{[%clk 0:31:50]} 0-1

[Event "v4camp2016"]
[Site "?"]
[Date "2016.06.26"]
[Round "8.4"]
[White "Kordela, Monika"]
[Black "Korenova, Simona"]
[Result "1/2-1/2"]
[BlackElo "1530"]
[WhiteElo "1724"]
[LiveChessVersion "1.4.8"]

1. d4 {[%clk 1:30:30]} d5 {[%clk 1:30:54]} 2. c4 {[%clk 1:30:52]} c6
{[%clk 1:31:19]} 3. Nc3 {[%clk 1:31:16]} Nf6 {[%clk 1:31:39]} 4. Nf3
{[%clk 1:31:40]} e6 {[%clk 1:31:28]} 5. Bg5 {[%clk 1:32:04]} Be7 {[%clk 1:31:47]}
6. e3 {[%clk 1:32:19]} O-O {[%clk 1:31:55]} 7. Rc1 {[%clk 1:31:47]} Nbd7
{[%clk 1:30:18]} 8. cxd5 {[%clk 1:32:05]} cxd5 {[%clk 1:29:40]} 9. Bd3
{[%clk 1:32:21]} h6 {[%clk 1:27:58]} 10. Bh4 {[%clk 1:32:33]} a6 {[%clk 1:21:30]}
11. a4 {[%clk 1:30:04]} Nb6 {[%clk 1:17:50]} 12. Bb1 {[%clk 1:26:09]} Nbd7
{[%clk 1:07:27]} 13. Qd3 {[%clk 1:25:19]} g6 {[%clk 0:58:55]} 14. O-O
{[%clk 1:20:23]} b6 {[%clk 0:56:09]} 15. Rfe1 {[%clk 1:11:02]} Bb7
{[%clk 0:52:09]} 16. Bxf6 {[%clk 1:05:41]} Nxf6 {[%clk 0:48:35]} 17. Ne5
{[%clk 1:04:18]} Qe8 {[%clk 0:43:31]} 18. Ne2 {[%clk 0:56:54]} Bd6
{[%clk 0:37:25]} 19. Nf4 {[%clk 0:47:40]} Bxe5 {[%clk 0:32:17]} 20. dxe5
{[%clk 0:47:54]} Ne4 {[%clk 0:30:05]} 21. b4 {[%clk 0:38:13]} 1/2-1/2

[Event "v4camp2016"]
[Site "?"]
[Date "2016.06.26"]
[Round "8.5"]
[White "Golda, Sebastian"]
[Black "Krzeminski, Sebastian"]
[Result "1/2-1/2"]
[BlackElo "1832"]
[WhiteElo "1877"]
[LiveChessVersion "1.4.8"]

1. e4 {[%clk 1:29:08]} c6 {[%clk 1:30:56]} 2. d4 {[%clk 1:28:54]} d5
{[%clk 1:31:22]} 3. Nc3 {[%clk 1:29:20]} dxe4 {[%clk 1:31:45]} 4. Nxe4
{[%clk 1:29:44]} Bf5 {[%clk 1:32:13]} 5. Ng3 {[%clk 1:30:02]} Bg6
{[%clk 1:32:42]} 6. Bc4 {[%clk 1:28:52]} e6 {[%clk 1:31:32]} 7. Nh3
{[%clk 1:29:13]} b5 {[%clk 1:28:59]} 8. Bb3 {[%clk 1:19:49]} a5 {[%clk 1:28:43]}
9. a3 {[%clk 1:18:58]} Bd6 {[%clk 1:24:27]} 10. c3 {[%clk 1:17:54]} Qc7
{[%clk 1:23:57]} 11. Qf3 {[%clk 1:18:01]} Nf6 {[%clk 1:21:57]} 12. Nf4
{[%clk 1:16:38]} Nd5 {[%clk 1:19:09]} 13. Nfe2 {[%clk 0:51:52]} O-O
{[%clk 1:15:35]} 14. O-O {[%clk 0:52:18]} Nd7 {[%clk 1:15:51]} 15. Re1
{[%clk 0:38:46]} N7b6 {[%clk 1:12:26]} 16. h3 {[%clk 0:31:52]} c5
{[%clk 1:07:25]} 17. Ne4 {[%clk 0:31:48]} c4 {[%clk 1:05:35]} 18. Nxd6
{[%clk 0:29:34]} Qxd6 {[%clk 1:05:43]} 19. Bd1 {[%clk 0:27:22]} e5
{[%clk 1:04:10]} 20. dxe5 {[%clk 0:24:46]} Qxe5 {[%clk 1:02:50]} 21. Bd2
{[%clk 0:24:36]} Qd6 {[%clk 0:57:54]} 22. Nd4 {[%clk 0:22:30]} b4
{[%clk 0:56:54]} 23. axb4 {[%clk 0:17:48]} axb4 {[%clk 0:56:55]} 24. Rxa8
{[%clk 0:18:14]} Rxa8 {[%clk 0:57:11]} 25. h4 {[%clk 0:17:22]} bxc3
{[%clk 0:55:17]} 26. bxc3 {[%clk 0:17:45]} h5 {[%clk 0:55:20]} 27. Nf5
{[%clk 0:04:48]} Qd7 {[%clk 0:52:45]} 28. Ng3 {[%clk 0:05:08]} Ra2
{[%clk 0:51:42]} 29. Bg5 {[%clk 0:05:11]} Ra1 {[%clk 0:51:00]} 30. Kh2
{[%clk 0:02:30]} f6 {[%clk 0:39:49]} 31. Bd2 {[%clk 0:02:17]} Qc7
{[%clk 0:37:50]} 32. Kg1 {[%clk 0:02:17]} Ra2 {[%clk 0:34:57]} 33. Bc1
{[%clk 0:02:34]} Ra1 {[%clk 0:34:18]} 34. Bd2 {[%clk 0:02:59]} Ra2
{[%clk 0:34:35]} 35. Bc1 {[%clk 0:01:43]} Ra1 {[%clk 0:34:58]} 1/2-1/2

[Event "v4camp2016"]
[Site "?"]
[Date "2016.06.26"]
[Round "8.6"]
[White "Urbanski, Wojciech"]
[Black "Korcyl, Patryk"]
[Result "1/2-1/2"]
[BlackElo "1527"]
[WhiteElo "1636"]
[LiveChessVersion "1.4.8"]

1. e4 {[%clk 1:30:56]} g6 {[%clk 1:28:34]} 2. d4 {[%clk 1:31:09]} d6
{[%clk 1:29:01]} 3. Nf3 {[%clk 1:31:07]} Bg7 {[%clk 1:29:24]} 4. Nc3
{[%clk 1:30:18]} Nf6 {[%clk 1:29:49]} 5. Be2 {[%clk 1:30:16]} O-O
{[%clk 1:30:15]} 6. O-O {[%clk 1:30:35]} Nbd7 {[%clk 1:30:41]} 7. h3
{[%clk 1:30:13]} e5 {[%clk 1:30:52]} 8. dxe5 {[%clk 1:29:14]} dxe5
{[%clk 1:31:12]} 9. Be3 {[%clk 1:29:11]} c6 {[%clk 1:31:34]} 10. Qd2
{[%clk 1:28:48]} Re8 {[%clk 1:28:43]} 11. a4 {[%clk 1:26:14]} Qc7
{[%clk 1:25:50]} 12. Rad1 {[%clk 1:22:08]} Nf8 {[%clk 1:22:59]} 13. Bc5
{[%clk 1:19:36]} Nh5 {[%clk 1:17:52]} 14. Qd6 {[%clk 1:18:35]} Qxd6
{[%clk 1:17:49]} 15. Bxd6 {[%clk 1:18:37]} Nf4 {[%clk 1:12:40]} 16. Bc4
{[%clk 1:18:03]} Be6 {[%clk 1:08:53]} 17. Bxe6 {[%clk 1:15:45]} Rxe6
{[%clk 1:03:59]} 18. g3 {[%clk 1:15:07]} Nh5 19. Rd3 {[%clk 1:13:50]} f5
{[%clk 0:58:17]} 20. Rfd1 {[%clk 1:13:37]} Rae8 {[%clk 0:57:14]} 21. Bc5
{[%clk 1:04:36]} b6 {[%clk 0:53:16]} 22. Bxf8 {[%clk 1:03:10]} Bxf8
{[%clk 0:52:35]} 23. Rd7 {[%clk 1:03:15]} R6e7 {[%clk 0:52:42]} 24. Rxe7
{[%clk 1:03:09]} Rxe7 {[%clk 0:52:48]} 25. Rd6 {[%clk 1:01:08]} fxe4
{[%clk 0:52:09]} 26. Nxe4 {[%clk 1:00:58]} c5 {[%clk 0:47:55]} 27. Nfg5
{[%clk 0:58:34]} Re8 {[%clk 0:38:09]} 28. Rd7 {[%clk 0:56:53]} Re7
{[%clk 0:37:42]} 29. Rd8 {[%clk 0:56:29]} h6 {[%clk 0:35:56]} 30. Nf3
{[%clk 0:55:47]} Re6 {[%clk 0:29:53]} 31. Nh4 {[%clk 0:54:31]} Kf7
{[%clk 0:27:11]} 32. Rd7+ {[%clk 0:53:42]} Re7 {[%clk 0:27:14]} 33. Nd6+
{[%clk 0:53:40]} Ke6 {[%clk 0:21:34]} 34. Rxe7+ {[%clk 0:53:52]} Bxe7
{[%clk 0:21:54]} 35. Nc8 {[%clk 0:54:07]} Bxh4 {[%clk 0:20:06]} 36. gxh4
{[%clk 0:53:56]} Nf4 {[%clk 0:20:20]} 37. Kh2 {[%clk 0:50:47]} Nd5
{[%clk 0:16:48]} 38. Nxa7 {[%clk 0:50:53]} Nb4 {[%clk 0:17:00]} 39. Nc8
{[%clk 0:50:33]} Nxc2 {[%clk 0:12:37]} 40. Nxb6 {[%clk 0:50:15]} Nb4
{[%clk 0:12:58]} 41. Nc4 {[%clk 0:49:58]} Kd5 {[%clk 0:12:56]} 42. b3
{[%clk 0:49:11]} Nd3 {[%clk 0:12:23]} 43. f3 {[%clk 0:43:57]} Nc1
{[%clk 0:10:23]} 44. a5 {[%clk 0:40:23]} Nxb3 {[%clk 0:07:37]} 45. a6
{[%clk 0:40:31]} Kc6 {[%clk 0:07:58]} 46. Nxe5+ {[%clk 0:40:03]} Kb6
{[%clk 0:08:19]} 47. Nxg6 {[%clk 0:40:15]} Nd4 {[%clk 0:06:21]} 48. Ne5
{[%clk 0:38:45]} Kxa6 {[%clk 0:06:42]} 49. Kg3 {[%clk 0:34:53]} Kb5
{[%clk 0:06:05]} 50. Kf4 {[%clk 0:34:41]} c4 {[%clk 0:05:52]} 51. Ke4
{[%clk 0:34:03]} Ne6 {[%clk 0:06:00]} 52. f4 c3 {[%clk 0:05:03]} 53. f5
{[%clk 0:27:59]} c2 {[%clk 0:05:21]} 54. fxe6 {[%clk 0:25:23]} c1=Q
{[%clk 0:05:32]} 55. e7 {[%clk 0:20:53]} Qc8 {[%clk 0:01:48]} 56. Kd5
{[%clk 0:19:58]} h5 {[%clk 0:02:05]} 57. Kd6 {[%clk 0:19:30]} Qe8
{[%clk 0:00:55]} 58. Nd7 {[%clk 0:19:04]} Qf7 {[%clk 0:00:53]} 59. Nf8
{[%clk 0:15:27]} Qe8 {[%clk 0:00:40]} 60. Nd7 {[%clk 0:14:51]} Qf7
{[%clk 0:00:33]} 61. Nf8 {[%clk 0:14:52]} Qe8 {[%clk 0:00:32]} 1/2-1/2

[Event "v4camp2016"]
[Site "?"]
[Date "2016.06.26"]
[Round "8.7"]
[White "Rog, Mateusz"]
[Black "Kulesza, Andrzej"]
[Result "0-1"]
[BlackElo "1618"]
[WhiteElo "1403"]
[LiveChessVersion "1.4.8"]

1. e4 {[%clk 1:30:57]} c5 {[%clk 1:30:50]} 2. Nf3 {[%clk 1:31:07]} Nc6
{[%clk 1:31:01]} 3. Bc4 {[%clk 1:29:46]} g6 {[%clk 1:30:36]} 4. c3
{[%clk 1:28:15]} Bg7 {[%clk 1:29:04]} 5. d4 {[%clk 1:27:28]} cxd4
{[%clk 1:28:39]} 6. cxd4 {[%clk 1:27:50]} d6 {[%clk 1:27:48]} 7. O-O
{[%clk 1:27:33]} Nf6 {[%clk 1:27:16]} 8. Nc3 {[%clk 1:23:44]} O-O
{[%clk 1:26:22]} 9. h3 {[%clk 1:21:08]} Bd7 {[%clk 1:23:49]} 10. Bf4
{[%clk 1:18:32]} Rc8 {[%clk 1:21:29]} 11. a3 {[%clk 1:17:11]} a6 {[%clk 1:19:47]}
12. Ba2 {[%clk 1:17:11]} Nh5 {[%clk 1:15:54]} 13. Bh2 {[%clk 1:16:15]} b5
{[%clk 1:11:04]} 14. e5 {[%clk 1:08:07]} dxe5 {[%clk 1:09:33]} 15. dxe5
{[%clk 1:08:11]} Bh6 {[%clk 1:08:10]} 16. Ne2 {[%clk 1:02:10]} Ng7
{[%clk 1:06:17]} 17. Bf4 {[%clk 1:01:02]} Bxf4 {[%clk 1:05:34]} 18. Nxf4
{[%clk 1:01:25]} Bf5 {[%clk 1:02:43]} 19. Qe2 {[%clk 1:00:03]} Nd4
{[%clk 1:00:32]} 20. Nxd4 {[%clk 0:59:42]} Qxd4 {[%clk 1:00:54]} 21. Nd5
{[%clk 0:54:38]} Qa7 {[%clk 0:58:59]} 22. Qe3 {[%clk 0:52:11]} Qb7
{[%clk 0:57:39]} 23. Rac1 {[%clk 0:42:18]} Be6 {[%clk 0:44:04]} 24. Rc5
{[%clk 0:33:11]} Nf5 {[%clk 0:42:26]} 25. Qc3 {[%clk 0:29:34]} Rxc5
{[%clk 0:42:41]} 26. Qxc5 {[%clk 0:29:53]} Rc8 {[%clk 0:42:57]} 27. Qb6
{[%clk 0:29:23]} Bxd5 {[%clk 0:40:12]} 28. Qxb7 {[%clk 0:29:16]} Bxb7
{[%clk 0:40:36]} 29. e6 {[%clk 0:28:34]} f6 {[%clk 0:40:49]} 30. Rd1
{[%clk 0:21:56]} Nd6 {[%clk 0:40:21]} 31. g4 {[%clk 0:21:57]} Kg7
{[%clk 0:38:48]} 32. Bb3 {[%clk 0:19:30]} Be4 {[%clk 0:37:25]} 33. Rd2
{[%clk 0:12:50]} g5 {[%clk 0:34:39]} 34. a4 {[%clk 0:05:16]} Rc1+
{[%clk 0:34:54]} 35. Kh2 {[%clk 0:05:39]} Rh1+ {[%clk 0:35:16]} 36. Kg3
{[%clk 0:06:02]} Rg1+ {[%clk 0:35:41]} 37. Kh2 {[%clk 0:06:18]} Rg2+
{[%clk 0:36:07]} 0-1

[Event "v4camp2016"]
[Site "?"]
[Date "2016.06.26"]
[Round "8.8"]
[White "Waszczuk, Patrycja"]
[Black "Surpeta, Julia"]
[Result "1-0"]
[BlackElo "1492"]
[WhiteElo "1798"]
[LiveChessVersion "1.4.8"]

1. e4 {[%clk 1:30:54]} c6 {[%clk 1:30:45]} 2. d4 {[%clk 1:30:41]} d5
{[%clk 1:31:09]} 3. Nc3 {[%clk 1:30:22]} dxe4 {[%clk 1:30:48]} 4. Nxe4
{[%clk 1:30:30]} Nd7 {[%clk 1:31:05]} 5. Nf3 {[%clk 1:29:01]} Ngf6
{[%clk 1:31:11]} 6. Bd3 {[%clk 1:28:02]} e6 {[%clk 1:30:48]} 7. O-O
{[%clk 1:28:18]} Be7 {[%clk 1:30:59]} 8. c4 {[%clk 1:28:15]} O-O {[%clk 1:30:23]}
9. Qc2 {[%clk 1:26:02]} h6 {[%clk 1:30:05]} 10. Bf4 {[%clk 1:24:25]} c5
{[%clk 1:27:51]} 11. dxc5 {[%clk 1:22:05]} Nxc5 {[%clk 1:27:05]} 12. Nxc5
{[%clk 1:21:35]} Bxc5 {[%clk 1:27:26]} 13. a3 {[%clk 1:20:09]} a5
{[%clk 1:27:10]} 14. Qc3 {[%clk 1:17:57]} Qe7 {[%clk 1:19:15]} 15. Rab1
{[%clk 1:12:42]} Rd8 {[%clk 1:13:46]} 16. Rfd1 {[%clk 1:11:34]} b5
{[%clk 1:11:39]} 17. b4 {[%clk 1:03:48]} bxc4 {[%clk 1:10:09]} 18. Qxc4
{[%clk 1:02:51]} Bb6 {[%clk 1:04:51]} 19. Ne5 {[%clk 0:55:13]} Ba6
{[%clk 1:01:38]} 20. b5 {[%clk 0:52:09]} Rac8 {[%clk 1:00:17]} 21. Nc6
{[%clk 0:50:38]} Qe8 {[%clk 1:00:01]} 22. Qb3 {[%clk 0:48:23]} Rd5
{[%clk 0:56:28]} 23. bxa6 {[%clk 0:47:35]} Rxc6 {[%clk 0:55:57]} 24. Bb5
{[%clk 0:47:27]} Rxb5 {[%clk 0:51:17]} 25. Qxb5 {[%clk 0:47:47]} Ne4
{[%clk 0:51:33]} 26. Rbc1 {[%clk 0:42:26]} Bxf2+ {[%clk 0:51:25]} 27. Kf1
{[%clk 0:42:05]} Bc5 {[%clk 0:50:31]} 28. Qd3 {[%clk 0:39:57]} Nd6
{[%clk 0:47:59]} 29. Rxc5 {[%clk 0:40:03]} Rxc5 {[%clk 0:47:52]} 30. Qxd6
{[%clk 0:39:19]} Qb5+ {[%clk 0:47:13]} 31. Kg1 {[%clk 0:39:38]} g5
{[%clk 0:44:56]} 32. Qb8+ {[%clk 0:38:59]} Qxb8 {[%clk 0:43:17]} 33. Bxb8
{[%clk 0:39:27]} Rc6 {[%clk 0:43:36]} 34. a7 {[%clk 0:39:50]} Ra6
{[%clk 0:43:59]} 35. Rd6 {[%clk 0:40:14]} 1-0